Statistics for Select the American Flags

Click here to take the quiz!

General Stats

  • This quiz has been taken 719 times
  • The average score is 92 of 125

Answer Stats

QuestionTileSelect% Correct
of countries touching the AndesNo
92%
of countries touching the AndesNo
92%
of countries touching the AndesNo
92%
of countries touching the AndesNo
91%
of countries touching the AndesNo
91%
of countries touching the AndesNo
91%
of countries touching the AndesNo
90%
of countries touching the AndesNo
90%
of countries touching the AndesNo
90%
of countries touching the AndesNo
90%
of countries touching the AndesNo
89%
of countries touching the AndesNo
89%
of countries touching the AndesNo
89%
of countries touching the AndesNo
88%
of island nationsNo
87%
of island nationsNo
87%
of Central America (not including Mexico)No
87%
of island nationsNo
87%
of countries touching the AndesNo
87%
of Central America (not including Mexico)No
87%
of island nationsNo
87%
of Central America (not including Mexico)No
87%
of island nationsNo
86%
of island nationsNo
86%
of island nationsNo
86%
of island nationsNo
86%
of Central America (not including Mexico)No
86%
of island nationsNo
86%
of Central America (not including Mexico)No
86%
of Central America (not including Mexico)No
85%
of island nationsNo
85%
of Central America (not including Mexico)No
85%
of Central America (not including Mexico)No
85%
of island nationsNo
85%
of Central America (not including Mexico)No
85%
of countries touching the AndesNo
85%
of countries where Spanish is NOT the most spoken languageNo
84%
of countries where Spanish is NOT the most spoken languageNo
84%
of countries where Spanish is NOT the most spoken languageNo
84%
of Central America (not including Mexico)No
84%
of countries where Spanish is NOT the most spoken languageNo
84%
of countries touching the Caribbean SeaNo
84%
of Central America (not including Mexico)No
84%
of Central America (not including Mexico)No
84%
of island nationsNo
84%
of countries touching the AndesNo
84%
of island nationsNo
83%
of countries where Spanish is NOT the most spoken languageNo
83%
of countries where Spanish is NOT the most spoken languageNo
83%
of countries where Spanish is NOT the most spoken languageNo
83%
of countries where Spanish is NOT the most spoken languageNo
83%
of countries where Spanish is NOT the most spoken languageNo
83%
of Central America (not including Mexico)No
83%
of countries touching the Caribbean SeaNo
83%
of island nationsNo
83%
of countries where Spanish is NOT the most spoken languageNo
82%
of island nationsNo
82%
of countries touching the Caribbean SeaNo
82%
of countries where Spanish is NOT the most spoken languageNo
82%
of countries touching the Caribbean SeaNo
81%
of island nationsNo
81%
of countries touching the Caribbean SeaNo
80%
of countries where Spanish is NOT the most spoken languageNo
80%
of countries where Spanish is NOT the most spoken languageNo
80%
of countries touching the Caribbean SeaNo
80%
of island nationsNo
78%
of countries touching the AndesYes
77%
of countries where Spanish is NOT the most spoken languageYes
76%
of island nationsYes
75%
of Central America (not including Mexico)No
75%
of Central America (not including Mexico)No
74%
of island nationsNo
74%
of Central America (not including Mexico)No
74%
of island nationsYes
74%
of Central America (not including Mexico)No
74%
of Central America (not including Mexico)No
74%
of countries where Spanish is NOT the most spoken languageYes
74%
of island nationsYes
73%
of countries touching the AndesYes
72%
of Central America (not including Mexico)No
71%
of Central America (not including Mexico)Yes
71%
of Central America (not including Mexico)No
71%
of island nationsYes
71%
of island nationsYes
71%
of countries touching the Caribbean SeaNo
70%
of Central America (not including Mexico)Yes
70%
of island nationsYes
70%
of Central America (not including Mexico)Yes
69%
of countries touching the AndesYes
68%
of countries where Spanish is NOT the most spoken languageYes
68%
of countries touching the Caribbean SeaYes
67%
of countries touching the AndesNo
66%
of countries touching the Caribbean SeaYes
65%
of island nationsYes
65%
of Central America (not including Mexico)Yes
64%
of countries touching the Caribbean SeaYes
64%
of Central America (not including Mexico)Yes
64%
of countries where Spanish is NOT the most spoken languageYes
63%
of countries touching the AndesYes
63%
of countries touching the AndesYes
63%
of countries touching the Caribbean SeaYes
62%
of countries touching the Caribbean SeaYes
61%
of countries touching the Caribbean SeaYes
60%
of countries touching the AndesYes
57%
of countries touching the Caribbean SeaYes
56%
of countries touching the Caribbean SeaYes
55%
of countries where Spanish is NOT the most spoken languageYes
55%
of countries touching the Caribbean SeaYes
55%
of countries touching the Caribbean SeaYes
54%
of countries where Spanish is NOT the most spoken languageYes
52%
of countries where Spanish is NOT the most spoken languageYes
51%
of countries where Spanish is NOT the most spoken languageYes
50%
of countries where Spanish is NOT the most spoken languageYes
50%
of countries where Spanish is NOT the most spoken languageYes
49%
of countries touching the Caribbean SeaYes
47%
of countries where Spanish is NOT the most spoken languageYes
47%
of countries touching the Caribbean SeaNo
47%
of countries touching the Caribbean SeaYes
47%
of countries where Spanish is NOT the most spoken languageYes
45%
of countries touching the Caribbean SeaNo
43%
of countries touching the Caribbean SeaNo
42%
of countries touching the AndesYes
41%
of countries touching the Caribbean SeaNo
37%
of countries touching the Caribbean SeaNo
35%
of countries touching the Caribbean SeaNo
35%

Score Distribution

Percentile by Number Answered

Percent of People with Each Score

Your Score History

You have not taken this quiz